| 000 | 00813nam a2200241 i 4500 | ||
|---|---|---|---|
| 001 | 187301 | ||
| 003 | ES-MaACL | ||
| 005 | 20231230063013.0 | ||
| 008 | 170530s1972 dk a |||| |dita d | ||
| 020 | _a87-429-7792-4 | ||
| 080 | _a811.131.1(076) | ||
| 100 | 1 |
_aMoravia, Alberto, _d1907-1990 _983166 |
|
| 245 | 1 | 0 |
_aSette racconti / _cAlberto Moravia ; [a cura di Solveig Odland, Pina Zaccarin]. |
| 246 | 3 | _a7 racconti | |
| 250 | _aEd. semplificata ad uso scolastico e autodidattico. | ||
| 260 |
_a[Copenaghen] : _bAschehoug, _c1972. |
||
| 300 |
_a80 p. : _bil. ; _c19 cm. |
||
| 490 | 1 |
_aEasy readers. _aC |
|
| 650 | 4 |
_aLengua italiana- _vLecturas. _9162920 |
|
| 830 | 0 |
_aEasy readers. _aC _9225544 |
|
| 852 |
_aES-MaACL _jL-31650 _z. - Donat. Carmen Zumárraga |
||
| 999 |
_c187301 _d187301 |
||